201 Logo Extreme Logo Quiz!!! - Statistics

General Stats
  • This quiz has been taken 239 times
    211 since last reset
  • The average score is 95 of 201
Answer Stats
Picture Answer % Correct
Air Canada
75%
Lays
72%
Nike
72%
Amazon
69%
Ford
69%
Instagram
69%
Monster
69%
Taco Bell
69%
Apple
68%
Gmail
68%
KFC
68%
Red Bull
68%
Sprite
68%
Coca-Cola
67%
Dove
67%
Puma
67%
Adidas
66%
Air Jordan
66%
Barbie
66%
Candy Crush
66%
Facebook
66%
Firefox
66%
Levi
66%
Microsoft
66%
Minecraft
66%
Shell
66%
Visa
66%
X-Box
66%
Youtube
66%
BMW
65%
Lipton
65%
Louis Vuitton
65%
Pizza Hut
65%
PlayStation
65%
Pringles
65%
Subway
65%
Tesla
65%
Wikipedia
65%
Audi
64%
Cheetos
64%
Doritos
64%
Honda
64%
Ikea
64%
Mastercard
64%
Microsoft Excel
64%
Nickelodeon
64%
Spotify
64%
Target
64%
Jurassic Park
63%
Kit-Kat
63%
L'Oreal
63%
Pampers
63%
Playboy
63%
Walmart
63%
Cartoon Network
62%
Fila
62%
Ghostbusters
62%
Gucci
62%
iTunes
62%
Nintendo
62%
Dell
60%
Hyundai
60%
Toy Story
60%
Champion
59%
Fanta
59%
Finding Nemo
59%
Intel
59%
Nestle
59%
Under Armour
59%
Beats
58%
Dreamworks
58%
Gap
58%
New Balance
58%
Rolex
58%
Heineken
56%
Porsche
56%
Reddit
56%
Toblerone
56%
JetPunk
55%
The North Face
55%
Dolby
54%
Dr. Pepper
54%
Hershey's
54%
Hulu
54%
In-N-Out
54%
Internet Explorer
54%
Mr. Clean
54%
Tide
54%
Tommy Hilfiger
54%
Home Alone
53%
Bic
52%
BP
52%
Harley Davidson
52%
IBM
52%
Mazda
52%
Best Buy
51%
Michelin
51%
National Geographic
51%
Blockbuster
50%
Lacoste
50%
New York Times
50%
American Airlines
48%
John Deere
48%
Nestle Crunch
48%
Panda Express
48%
Converse
47%
Fruit of the Loom
47%
Roblox
47%
Arbys
46%
AT&T
46%
Dodge
46%
NBC
46%
Quaker Oats
46%
JIf
45%
Atari
44%
Miami Dolphins
44%
Knor
43%
Yamaha
43%
Dole
42%
Guess
42%
Kodak
42%
The Godfather
42%
Carl's. Jr
41%
Green bay Packers
41%
Mattel
41%
Top Gun
41%
Blu-ray
40%
Clash of Clans
40%
Infiniti
40%
New England Patriots
40%
New York Giants
40%
Sonic
40%
Dairy Queen
39%
Korean Air
39%
Aquafina
38%
Arm & Hammer
38%
Boston Celtics
38%
Goodyear
38%
Payday
38%
White Castel
38%
Denver Broncos
37%
Jelly Belly
37%
Tostitos
37%
Umbro
37%
American Express
36%
Arizona
36%
CBS
36%
Firestone
36%
Hertz
36%
Klondike
36%
Wells Fargo
36%
Bacardi
35%
Buick
35%
Chevron
35%
Crush
35%
Emirates
35%
Timberland
35%
Big Boy
34%
Detroit Lions
34%
Whoppers
34%
Gerber
33%
SEAT
33%
Tampa Bay Buccaneers
33%
Xerox
32%
York
31%
Fortnite
30%
Houston Texans
30%
ING
30%
Lufthansa
30%
Swarovski
30%
Detroit Red Wings
29%
Sunkist
29%
Houston Rockets
28%
Overwatch
28%
Patagonia
28%
Tootsie Roll
28%
Houston Astros
26%
Barclays
25%
Boston Red Socks
25%
British Airways
25%
Morton's
25%
Qantas
25%
Sprint
25%
Hoover
24%
LemonHeads
23%
Nascar
23%
Southwest Airlines
23%
V For Vendetta
23%
Detroit Tigers
22%
Swiss International
22%
Thai Airways
18%
Turkish Airlines
18%
Skoda Auto
16%
Chiquita Banana
15%
Exon
15%
Air New Zealand
13%
AOL Instant Messenger
13%
Parle-G
13%
Monoply
8%
Motarola
7%
Sanpple
4%
No matching quizzes found
Score Distribution
Percent of People with Each Score
Percentile by Number Answered
Your Score History
You have not taken this quiz since the last reset